000 00585nam a22001817a 4500
999 _c172785
_d172785
005 20200213103729.0
010 _aENG-127822
020 _c300.00
_a9789382543336
035 _aEN-111354
037 _bDBAD/PUB
082 _a230.2
100 _aKapoor,Kanwal Nayan
245 _aShri Durga-A spritual journey:
_cby Gaddam Naresh Reddy...[et al]
_bAn english adaptation of shree Durga shaptshati/
260 _aNew Delhi
_bIsha Gyandeep
_c2016
270 _bNew Delhi
_e110088
_aA.D.-77A,Shalimar Bag
300 _a200p.
_c22cm(pbk)
942 _2ddc
_cEN
_mKAP
_h230.2